header

Management of unintended and abnormal pregnancy (Record no. 61507)

MARC details
000 -LEADER
fixed length control field 01262nam a2200301Ia 4500
082 04 - DEWEY DECIMAL CLASSIFICATION NUMBER
Classification number 618.88
245 00 - TITLE STATEMENT
Title Management of unintended and abnormal pregnancy
260 ## - PUBLICATION, DISTRIBUTION, ETC. (IMPRINT)
Place of publication Oxford :
Name of publisher Wiley-Blackwell,
Year of publication c2009.
300 ## - PHYSICAL DESCRIPTION
Number of Pages xvi, 376 p., [3] p. of plates :
Other physical details ill. (some col.), 1 map.
650 #0 - SUBJECT ADDED ENTRY--TOPICAL TERM
Topical Term Abortion.
Topical Term Labor, Induced (Obstetrics)
700 1# - ADDED ENTRY--PERSONAL NAME
Personal name Paul, Maureen.
856 40 - ELECTRONIC LOCATION AND ACCESS
Uniform Resource Identifier http://site.ebrary.com/lib/rucke/Doc?id=10308197

No items available.

© 2026 Rongo University
Contact us: librarian | system librarian | Rongo university